000 01093nam a2200301 i 4500
001 11746
003 ES-MaACL
005 20250716062523.0
007 t|
008 930108s1991 sp ||||0| spa d
016 7 _zSIC92020058
020 _a84-376-0991-7
040 _aSIC
_bspa
_cSIC
080 _a820-22"15"
100 1 _aShakespeare, William,
_d1564-1616
_9105992
245 1 0 _aNoche de reyes ó Como queráis /
_cWilliam Shakespeare ; edición bilingüe del Instituto Shakespeare dirigida por Manuel Angel Conejero ; con la colaboración como autores de Vicente Martínez Luciano... [et al.].
260 _aMadrid :
_bCátedra,
_cD.L. 1991.
300 _a463 p ;
_c18 cm.
490 1 _aLetras universales ;
_v157
700 1 _aConejero Dionís-Bayer, Manuel Angel.
_940155
700 1 _aMartínez Luciano, Juan Vicente.
_978196
710 2 _aUniversidad de Valencia.
_bInstituto Shakespeare.
_97330
740 0 _aComo queráis.
830 0 _aLetras universales ;
_v157
_9178013
852 _aES-MaACL
_jL-19027
_bR.125087
999 _c11746
_d11746